header

The American campaign (Record no. 148061)

MARC details
000 -LEADER
fixed length control field 01781nam a2200409Ia 4500
082 04 - DEWEY DECIMAL CLASSIFICATION NUMBER
Classification number 324.70973
100 1# - MAIN ENTRY--AUTHOR NAME
Personal name Campbell, James E.,
245 14 - TITLE STATEMENT
Title The American campaign
250 ## - EDITION STATEMENT
Edition statement 2nd ed.
260 ## - PUBLICATION, DISTRIBUTION, ETC. (IMPRINT)
Place of publication College Station :
Name of publisher Texas A&M University Press,
Year of publication c2008.
300 ## - PHYSICAL DESCRIPTION
Number of Pages xxii, 312 p. :
Other physical details ill.
490 1# - SERIES STATEMENT
Series statement Joseph V. Hughes Jr. and Holly O. Hughes series on the presidency and leadership
650 #0 - SUBJECT ADDED ENTRY--TOPICAL TERM
Topical Term Presidents
Topical Term Political campaigns
Topical Term Voting
Topical Term Election forecasting
Topical Term Political science
856 40 - ELECTRONIC LOCATION AND ACCESS
Uniform Resource Identifier http://site.ebrary.com/lib/rucke/Doc?id=10436018

No items available.

© 2026 Rongo University
Contact us: librarian | system librarian | Rongo university